Deconstructing Liberty (Record no. 1407)

MARC details
000 -LEADER
campo de control de longitud fija 00512nam a2200145 4500
008 - DATOS DE LONGITUD FIJA--INFORMACIÓN GENERAL
campo de control de longitud fija 708 D296d
082 ## - NÚMERO DE LA CLASIFICACIÓN DECIMAL DEWEY
Número de clasificación 708
Número de ítem D296d
100 ## - ENTRADA PRINCIPAL--NOMBRE DE PERSONA
Nombre de persona Muzeo
9 (RLIN) 6198
245 ## - MENCIÓN DEL TÍTULO
Título Deconstructing Liberty
Resto del título A Destiny Manifiested
260 ## - PUBLICACIÓN, DISTRIBUCIÓN, ETC.
Lugar de publicación, distribución, etc. Anaheim
Nombre del editor, distribuidor, etc. Muzeo
Fecha de publicación, distribución, etc. 2017
300 ## - DESCRIPCIÓN FÍSICA
Extensión 32 p.
Otras características físicas ill (col)
Dimensiones 23.5 x 23.5 cm.
440 ## - MENCIÓN DE SERIE/PUNTO DE ACCESO ADICIONAL--TÍTULO
Título Pacific Stardard Time: LA/LA
9 (RLIN) 6199
650 ## - PUNTO DE ACCESO ADICIONAL DE MATERIA--TÉRMINO DE MATERIA
Subdivisión general arte contemporáneo
-- instalación artística
-- vídeo
-- fotografía
-- libertad
-- exhibiciones
-- arte latino en LA
9 (RLIN) 6200
700 ## - ENTRADA AGREGADA--NOMBRE PERSONAL
Nombre de persona Marisa Caichiolo (curadora)
9 (RLIN) 6201
Holdings
Estatus retirado Estado de pérdida Fuente del sistema de clasificación o colocación Estado de daño No para préstamo Biblioteca de origen Biblioteca actual Ubicación en estantería Fecha de adquisición Total de préstamos Signatura topográfica completa Visto por última vez Precio de reemplazo Tipo de ítem Koha
    Clasificación Decimal Dewey     Biblioteca LadoV Biblioteca LadoV   17/03/2018   708 D296d 17/03/2018 17/03/2018 Material 01